Statistics for Guess the Song Collaboration #1

Click here to take the quiz!

General Stats

  • This quiz has been taken 10 times
  • The average score is 10 of 23

Answer Stats

HintAnswer% Correct
Under PressureQueen
88%
Uptown FunkBruno Mars
75%
Under PressureDavid Bowie
75%
ShallowLady Gaga
75%
ShallowBradley Cooper
63%
Somebody That I Used To KnowGotye
63%
Old Town RoadLil Nas X
63%
Old Town RoadBilly Ray Cyrus
50%
Get LuckyDaft Punk
50%
Feel Good Inc.Gorillaz
50%
Uptown FunkMark Ronson
50%
Get LuckyPharrell Williams
50%
Love the Way You LieRihanna
50%
LevitatingDua Lipa
38%
Love the Way You LieEminem
38%
American BoyEstelle
25%
Somebody That I Used To KnowKimbra
25%
LevitatingDaBaby
13%
I Don't CareEd Sheeran
13%
I Don't CareJustin Bieber
13%
American BoyKanye West
13%
Feel Good Inc.De La Soul
0%
Get LuckyNile Rodgers
0%

Score Distribution

Percentile by Number Answered

Percent of People with Each Score

Your Score History

You have not taken this quiz